000 00547nam a2200181 a 4500
001 000024006
003 OSt
005 20201005113146.0
008 110118s1988 dr 001 0 spa d
040 _aDO-SdBNP
_bspa
_cBNPHU
111 2 _aCogreso Julio de Peña Valdez
_c(Santo Domingo
_d2: )
_949345
245 1 0 _aBalance y actualidad nacional /.
260 _aSanto Domingo :
_bBloque Socialista,
_c1988.
_fAlfa & Omega
300 _a219 P. ;
_c21 cm.
590 _aInventariado, 2020 / DG
910 _aInventariado, 2020 / DG
942 _2ddc
_cLF1
999 _c23501
_d23501